| 000 | 00833nam0a22002411 4500 | ||
|---|---|---|---|
| 001 | rc\4462358 | ||
| 005 | 20250611181100.0 | ||
| 035 | _a(NLR Aleph) 008325874 | ||
| 090 |
_a8786077 _c8786077 |
||
| 100 | _a20130416d1967 |||y0rusy50 ca | ||
| 101 | 0 | _arus | |
| 102 | _aRU | ||
| 105 | _aa z ||||| | ||
| 200 | 1 |
_aИсследование однородных и взвесенесущих турбулентных потоков _e[Сборник статей] _fАН УССР |
|
| 210 |
_aКиев _cНаукова думка _d1967 |
||
| 215 |
_a123 с. _cчерт. _d21 |
||
| 225 | 1 |
_aГидромеханика _eРесп. межвед. сборник _v№ 9 |
|
| 320 | _aБиблиогр. в конце статей | ||
| 801 | 0 |
_aRU _bNLR _gpsbo |
|
| 801 | 1 |
_aRU _bELAR _2rusmarc |
|
| 852 |
_aNLR _jП8/747 |
||
| 942 | _cBOOK | ||
| 980 | _aNB | ||